000 00748nam a2200277Ia 4500
003 OSt
005 20220918163530.0
006 a|||||r|||| 00| 0
007 ta
008 220917b |||||||| |||| 00| 0 eng d
020 _a0070611165
024 _a249,363
037 _cTextual
040 _aARTS
_cARTS
_beng
041 _2eng
_aeng
082 _aY1:(G:66), L4;L8;5
100 _aStein Philip L.
_913540
245 0 _aPhysical anthropology
250 _a2nd
260 _aNew York
_bMcGraw-Hill Book Company USA
_c1974
300 _axii,452p.
_ccm.
650 _aSOCIOLOGY
700 _a Rowe Bruce M.
_913541
942 _hY1:(G:66), L4;L8;5
_cTEXL
_2CC
999 _c119928
_d119928